Monk On Riverside 1958-59, vol. 11 (Record n. 100726)
[ formato base ]
| 000 -LEADER | |
|---|---|
| fixed length control field | 01389njm a2200337Ia 4500 |
| 001 - CONTROL NUMBER | |
| control field | 25889 |
| 003 - CONTROL NUMBER IDENTIFIER | |
| control field | IT-RoPAU |
| 005 - DATE AND TIME OF LATEST TRANSACTION | |
| control field | 20220918181133.0 |
| 008 - FIXED-LENGTH DATA ELEMENTS--GENERAL INFORMATION | |
| fixed length control field | 131025s9999 xx 000 0 und d |
| 040 ## - CATALOGING SOURCE | |
| Original cataloging agency | IT-RoPAU |
| 040 ## - CATALOGING SOURCE | |
| Transcribing agency | IT-RoPAU |
| 999 ## - SYSTEM CONTROL NUMBERS (KOHA) | |
| Koha Dewey Subclass [OBSOLETE] | SI |
| 100 ## - MAIN ENTRY--PERSONAL NAME | |
| Personal name | Monk Thelonious |
| 9 (RLIN) | 14740 |
| 100 ## - MAIN ENTRY--PERSONAL NAME | |
| Relator term | Autore musica |
| 9 (RLIN) | 14741 |
| 100 ## - MAIN ENTRY--PERSONAL NAME | |
| Miscellaneous information | Codice autore musica SPICS: 10795 |
| 9 (RLIN) | 14742 |
| 245 ## - TITLE STATEMENT | |
| Title | Monk On Riverside 1958-59, vol. 11 |
| 250 ## - EDITION STATEMENT | |
| Edition statement | 2a ed. |
| 260 ## - PUBLICATION, DISTRIBUTION, ETC. (IMPRINT) | |
| Place of publication, distribution, etc. | MILANO |
| 260 ## - PUBLICATION, DISTRIBUTION, ETC. (IMPRINT) | |
| Name of publisher, distributor, etc. | RIVERSIDE RECORDS |
| Date of publication, distribution, etc. | 1984 [1a Ed.:1958 - Ed. Lingua Orig.: 1958] |
| 300 ## - PHYSICAL DESCRIPTION | |
| Extent | DISCO |
| 300 ## - PHYSICAL DESCRIPTION | |
| Dimensions | 44 minuti (Testo: pag.) |
| 500 ## - GENERAL NOTE | |
| General note | Musica jazz |
| 505 ## - FORMATTED CONTENTS NOTE | |
| Formatted contents note | Epistrophy - Light Blue - Coming On the Hudson - Let's Cool One - In Walked Bud - Rhythm A Ning - Just a Gigolo [(New York, 7 agosto 1958) (3:00)] |
| 511 ## - PARTICIPANT OR PERFORMER NOTE | |
| Participant or performer note | Griffin Johnny: tenor sax; Monk Theolonious: piano; Abdul-Malik Ahmed: basso; Haynes Roy: drums |
| 650 ## - SUBJECT ADDED ENTRY--TOPICAL TERM | |
| Topical term or geographic name as entry element | JAZZ [DISCHI] |
| Relator term | Codice MATERIA SPICS: 9950 |
| 9 (RLIN) | 14743 |
| 700 ## - ADDED ENTRY--PERSONAL NAME | |
| Personal name | Monk Thelonious |
| Miscellaneous information | Codice interprete SPICS: 10795 |
| Relator term | Interprete |
| 9 (RLIN) | 14744 |
| 700 ## - ADDED ENTRY--PERSONAL NAME | |
| Personal name | Caesar Irving |
| Miscellaneous information | Codice autore musica SPICS: 20298 |
| Relator term | Autore musica |
| Name of part/section of a work | Just a Gigolo |
| 9 (RLIN) | 14745 |
| 700 ## - ADDED ENTRY--PERSONAL NAME | |
| Personal name | Casucci L. |
| Miscellaneous information | Codice autore SPICS: 25137 |
| Relator term | Autore |
| Name of part/section of a work | Just a Gigolo |
| 9 (RLIN) | 14746 |
| 700 ## - ADDED ENTRY--PERSONAL NAME | |
| Personal name | Brammer |
| Miscellaneous information | Codice autore testo/musica SPICS: 27930 |
| Relator term | Autore testo/musica |
| Name of part/section of a work | Just a Gigolo |
| 9 (RLIN) | 14747 |
| 942 ## - ADDED ENTRY ELEMENTS (KOHA) | |
| Koha item type | DISCHI |
| Source of classification or shelving scheme | Dewey Decimal Classification |
| Withdrawn status | Lost status | Damaged status | Not for loan | Home library | Current library | Date acquired | Total Checkouts | Full call number | Date last seen | Price effective from | Koha item type | Public note |
|---|---|---|---|---|---|---|---|---|---|---|---|---|
| Buone Condizioni | Not For Loan | SPICS-MEDIATECA | SPICS-MEDIATECA | 25/10/2013 | 25889 | 25/10/2013 | 25/10/2013 | DISCHI | Progr. Ins.: 5762 / N.Vol.: 1 / Copie: 1 - Copia rara: SI / date import: 01.01.2014 - By Epidotti, Trombetti, Vaglietti |